| 000 | 01594cad a22002655a 4500 | ||
|---|---|---|---|
| 001 | L153741 | ||
| 008 | 110824s2011 xxk f s 000 0 eng d | ||
| 035 | _a(Sirsi) u153741 | ||
| 041 | 0 | _aeng | |
| 050 | 0 | 4 | _a346.4104343 $2 18 |
| 110 | 2 |
_aBritish Property Federation _91604 |
|
| 245 | 0 | 0 |
_aBPF/IPD annual lease review 2011 _h[electronic resource] |
| 250 | _a14th ed. | ||
| 260 |
_aLondon _bBPF _bIPD _c2011 |
||
| 490 | 0 |
_aBPF/IPD Annual Lease Review _v2011 |
|
| 505 | 2 | _aExecutive summary -- expanded database analysis and headline lease lengths -- changes in lease lengths -- average rent free periods -- income security and growth potential -- technical appendix | |
| 520 | _aThe 2011 annual lease review, the largest study of its kind, draws evidence from almost 102 000 tenancies and incorporates data on 10 236 new leases granted between January 2010 and March 2011. The average length of all lettings increased from 5.0 years in 2009/10 to 5.3 years in 2010/11, rising across all sectors in 2010/2011 after two years of consecutive falls. The proportion of leases with break clauses went up in 2010/2011 to 31.1% compared to 29.4% in 2009/10. Overall, rent-free periods rose to 13.4 months in 2010/11. | ||
| 590 | _aKA NTK | ||
| 650 | 2 | 4 | _aBPF/IPD ANNUAL LEASE REVIEW |
| 651 | 4 |
_aUnited Kingdom _y |
|
| 690 | _aPROPERTY-COMMERCIAL PROPERTY-COMMERCIAL PROPERTY MARKET | ||
| 710 | 2 |
_aInvestment Property Databank _92288 |
|
| 856 | 4 | 0 |
_uhttps://www.bpf.org.uk/en/files/bpf_documents/BPF_Annual_Lease_Review_2011.pdf _zView the review free of charge at www.bpf.org.uk |
| 942 | _n0 | ||
| 999 |
_c112683 _d112683 |
||